| 000 | 00608nam a2200181 i 4500 | ||
|---|---|---|---|
| 001 | 41289 | ||
| 003 | ES-MaACL | ||
| 005 | 20240129165228.0 | ||
| 007 | t| | ||
| 008 | 030310q1916 sp ||||1| spa d | ||
| 100 | 1 |
_aCastedo, Sebastián. _936456 |
|
| 245 | 1 | 3 |
_aEl radio y el selenio revolucionadores del mundo... / _cSebastián Castedo ; prólogo de Juan Navarro Reverter. |
| 260 |
_aMadrid : _b[s.n., _c1916?] ( _fGráf. Española ; Tejada y Martín) |
||
| 300 |
_aVIII, 111 p. ; _c20 cm. |
||
| 700 | 1 |
_aNavarro Reverter, Juan, _d1844-1924 _985166 |
|
| 852 |
_aES-MaACL _jB-4062 |
||
| 999 |
_c41289 _d41289 |
||